000 00851nam a22002297a 4500
999 _c161806
_d161806
005 20190821113903.0
010 _a1819CHEN B-719726-746
020 _a9789383490974
_c475.00
035 _aB-719726-746
035 _aB-728627
037 _bNewyork Book Company
082 _a793.8
100 _aGarg, Manoj
245 _aMagic with science /
_cby Manoj Garg
260 _aDelhi
_bNewyork Book
_c2018
270 _aBlock C-9, Plot No. 96 (IInd Floor), Yamuna Vihar
_bDelhi
_e110053
300 _a175p.:
_bill.
_c22cm(Hb)
500 _aAirport
942 _2ddc
_cCH
_mGAR
_h793.8